02157cam a22004937a 4500003000500000005001700005008004100022010001000063011001000073035001000083040000900093090001000102100004200112245013700154260004100291300003700332502010200369530003600471590003700507590004100544590004100585590004100626590004100667590004100708590004100749590004200790650003300832650004200865650004400907650002800951650003200979650004201011700004201053856006301095901000701158905001201165942000901177949006201186949004801248999001701296952014001313952012601453952008401579CHAP20250515062729.0040416s2004 mx a r 00010 spa d a88220 a89192 a99743 cCHAP aTesis00aPérez Victoriano, Agustín.99008910aRentabilidad financiera del maíz cacahuacintle del valle de Tolucac/por Agustín Pérez Victorino y Maurilio Valdivia Cervantes aChapingo, Méx. :bEl autor,c2004. a69 h. :bilus.; mapas.; cuadros. aTesis (Lic. en Economía Agrícola) -- UACH. División de Ciencias Económico Administrativas aTambién disponible en línea aALEPHb10c20130110lUCH01h1456 aBATCH-UPDb10c20130110lUCH01h0454 aBATCH-UPDb10c20130110lUCH01h2158 aBATCH-UPDb10c20130410lUCH01h0132 aBATCH-UPDb10c20130914lUCH01h1747 aBATCH-UPDb10c20140324lUCH01h1442 aBATCH-UPDb10c20141002lUCH01h0820 aCONVERSIONb10c20130109lUCH01h134914aMaíz cacahuacintle.97110514aMaízxAspectos económicos.97086517aMaízxCostos de producción297091514aMaízxPrecios.97103914aMaízxRendimiento.97105114aOrganización de productores.9835440 aValdivia Cervantes, Maurilio.9117312 3Finding aiduhttp://10.13.5.2/tesis/99743.pdfzTeclea aqui aBK aElisama cFOLL aTesisbBCcTESd33724000922647eTS2fc.2h41643i99743si aTesisbBCcTESd99743eTS1h41642i99743sb c88220d88220 00102local4053708TESISaBCbBCcPA_TESISd2019-12-31fTESISl0oTesisp33724000922647r2019-12-31 00:00:00tc.2w2019-12-31yTESIS 00102local4051708TESISaBCbBCcPA_TESISd2019-12-31fTESISl0oTesisp99743r2019-12-31 00:00:00w2019-12-31yTESIS 001040708TesDigLaBDbBDd2023-02-16l0r2023-02-16 00:00:00w2023-02-16yTD